000 00492cam a2200193ua 4500
020 _c16.50
041 _aeng
_h
082 _a515.15
_bJOH/CA
100 _aJohnson, R.E .
245 _aCalculus with analytic geometry /
_cR.E.Johnson.
_hTextual Documents
250 _a3 /
_b.
260 _aNew Delhi :
_bPrentice Hall of India Pvt Ltd. ,
_c1965.
300 _a798 ; .
365 _a16.50
504 _a
700 1 _aKiokemeister, F.L .
942 _cBK
999 _c9403
_d9403